000 00991mam a2200193 a 4500
020 _a0060172703
082 0 0 _a923.1
_bTHA
100 1 _aThatcher, Margaret.
_946134
245 1 4 _aThe path to power /
_cMargaret Thatcher.
250 _a1st ed.
260 _aNew York :
_bHarperCollins,
_c1995.
300 _axiv, 656 p., [40] p. of plates :
_bill., ports. ;
_c25 cm.
500 _aIncludes index.
500 _aOriginally published: United Kingdom : HarperCollins U.K.
520 _aIn The Downing Street Wars, Margaret Thatcher gave her own account of her prime ministership from 1979 to 1990. That book justly became a bestseller all over the world. Now, in The Path to Power, she writes for the first time about her personal life, about the formation of her character and values, and about the training and experiences which led to the 1979 election victory.
526 _a0
_b0
_c0
_d923_100000000000000_THA
650 0 _aWomen prime ministers
_zGreat Britain
_946135
942 _2ddc
_cBK
999 _c549478
_d549478